00866nam a2200193Ia 4500003000900000008004100009020001800050040001600068080002400084111014000108245023400248260003800482300002300520650004100543650001400584650003000598700002100628700002300649IN-BaIIA211028s9999 xx 000 0 eng d a9971-966-60-3 cIIA Library a524.834(082.1)bREL aMPE/USM/MPA/European Southern Observatory Joint Astronomy Conference on Relativistic Astrophysics and CosmologycMunichd2005 nov. 7-11 0aRelativistic Astrophysics and cosmologybproceedings of the MPE/USM/MPA/ESO joint Astronomy Conference on Relativistic Astrophysics and cosmology, held in Munich, Germany, 7-11 november 2005cedited by X. Fustero and E. Verdaguer aSingaporebWorld Scientificc1984 a[various pagings.] aAstronomy and Astrophysics thesaurus aCosmology aRelativistic Astrophysics aFustero, X., ed. aVerdaguer, E., ed.